|
|
|
|
| LEADER |
00604nam a22001937a 4500 |
| 003 |
OSt |
| 082 |
|
|
|a 922.945
|b NIT/YA
|
| 100 |
|
|
|a Nithyachaithanya Yathi
|
| 245 |
|
|
|a യതിചരിതം
|
| 260 |
|
|
|a Thrissur
|b The State Language Study
|c 2011
|
| 300 |
|
|
|a 656p
|
| 500 |
|
|
|a Yathicharitham
|
| 534 |
|
|
|n 2003
|
| 546 |
|
|
|a Malayalam
|
| 650 |
|
|
|a Religion
|
| 650 |
|
|
|a autobiography
|
| 942 |
|
|
|2 ddc
|c BK
|
| 999 |
|
|
|c 156672
|d 156672
|
| 952 |
|
|
|0 0
|1 0
|2 ddc
|4 0
|6 922_945000000000000_NITYA
|7 0
|8 Gen
|9 155866
|a KAUCLV
|b KAUCLV
|c GENERAL
|d 2017-07-18
|g 470.00
|l 3
|o 922.945 NIT/YA
|p 225615
|r 2020-02-19
|s 2020-02-19
|w 2017-07-18
|y BK
|